[Event "Barcelona op-A"]
[Site "Barcelona"]
[Date "1998.??.??"]
[Round "4"]
[White "Ribera Sugranyes, Victor"]
[Black "Gonzalez Esteban, German"]
[Result "1/2-1/2"]
[WhiteElo "2110"]
[BlackElo "2180"]
[PlyCount "67"]
[EventDate "1998.??.??"]
[EventType "swiss"]
[EventRounds "8"]
[EventCountry "ESP"]
[SourceTitle "EXT 2019"]
[Source "ChessBase"]
[SourceDate "2018.10.10"]
[SourceVersion "1"]
[SourceVersionDate "2018.10.10"]
[SourceQuality "1"]

1. c4 e6 2. Nf3 Nf6 3. g3 b6 4. Bg2 Bb7 5. 0-0 Be7 6. Nc3 0-0 7. Qc2 c5 8. e4 d6 9. d4 cxd4 10. Nxd4 Nbd7 11. Rd1 Ne5 12. b3 Qc7 13. Ndb5 Qb8 14. Ba3 Rd8 15. f4 Nc6 16. e5 Ne8 17. Nxd6 Nxd6 18. exd6 Bxd6 19. Bxd6 Rxd6 20. Nb5 Nb4 21. Qe2 Rxd1+ 22. Rxd1 Qc8 23. Bxb7 Qxb7 24. Qd2 Nc6 25. Qd7 Qxd7 26. Rxd7 a6 27. Nd6 Ra7 28. Rxa7 Nxa7 29. Kf2 Kf8 30. Ke3 Ke7 31. Ne4 Nc6 32. a3 a5 33. Nc3 Kd6 34. Kd3 1/2-1/2